000 00901nmm a2200289 a 4500
001 ocm000785946
003 TR-IsHL
005 20201028143724.0
008 140429s2013 tu tur
007 cr cn
020 _a9781301162826
035 _a785946
_b(N$T)
050 0 4 _aPL248.Y86
_bY8 2013
090 0 4 _aPL248.Y86
_bY8 2013
100 1 _aYunus Emre
245 1 0 _aYunus Emre Divanı: "Türkçe/English"
_h[electronic resource] /
_cYunus Emre
260 _aİstanbul :
_bE-Kitap Projesi,
_c2013
300 _a107 p.
650 4 _aDil ve Edebiyat
650 4 _aLanguage and Literature
650 0 _aTürk şiiri
650 0 _aTurkish poetry
650 0 _aTürk edebiyatı
_x Divan
650 0 _aTurkish literature
_x Divan
650 7 _aPOETRY / Middle Eastern
_2bisacsh
856 4 0 _uhttp://search.ebscohost.com/login.aspx?direct=true&scope=site&db=e011xww&AN=785946
999 _c9051
_d9051